| 000 | 00501nam a22001817a 4500 | ||
|---|---|---|---|
| 008 | 131011b xxu||||| |||| 00| 0 ger d | ||
| 020 | _a3478812429 | ||
| 041 | 0 | _ager | |
| 080 |
_a174.4 _x(036) |
||
| 100 | 1 | _aStraub, Joseph T. | |
| 245 | 1 | 0 |
_aJetzt bin ich Chef! _cJoseph T. Straub |
| 260 |
_aLandsberg : _bMVG Verlag ; _c2001. |
||
| 300 |
_a180 f. ; _c19 cm. |
||
| 650 | 0 | _aEtika | |
| 650 | 0 | _aBiznesi | |
| 650 | 0 | _aEtika e biznesit | |
| 942 |
_2udc _cBK |
||
| 999 |
_c107 _d107 |
||